00841nam a22001937a 450000500170000002000180001710000280003524500860006326000290014930000130017849000470019150000540023865000260029265000260031870000280034494200120037299900190038495202440040320260112150617.0 a9783030164119 aColombo, Fabrizio97750 aQuaternionic closed operators, fractional powers and fractional diffusion process aLondonbBirkhauserc2019 aviii+322 aOperator theory: Advances and applications aOperator theory advances and applications Vol 274 aVector operator97751 aSpectral theory95788 aGantner, Jonathan97752 2ddccBK c754993d754993 00102ddc40708GIFaMATbMATcGENd2026-01-08eDonated by Dr. Krishna Kumar G on the completion of SERB sponsored project (UO. No: Ad.F1/1373/2021 dated 22/01/2024)g7921.07l0o515.724 COL-QpMATG237r2026-01-12 09:34:59w2026-01-12yBK